| 000 | 004590000a22002050004500 | ||
|---|---|---|---|
| 005 | 20120302060520.0 | ||
| 942 | _cBOOK | ||
| 100 | _a Pariwajakacharya,Paramhansa | ||
| 100 | _a Vidyaranya | ||
| 245 | _a Panchadashee | ||
| 260 | _aMumbai:Nirnaya saaraga,1962. | ||
| 300 | _a301p. | ||
| 040 | _aSAN | ||
| 650 | _aTatvadnyaan | ||
| 650 | _aTatvaviveka | ||
| 650 | _aDwaita | ||
| 650 | _aChitradeep | ||
| 650 | _aKutasthadeep | ||
| 650 | _aNaatakdeep | ||
| 999 |
_c351397 _d351394 |
||